A textbook of systematic botany
Gorde:
| Egile nagusia: | |
|---|---|
| Formatua: | Liburua |
| Hizkuntza: | ingelesa |
| Argitaratua: |
Nueva York
McGraw-Hill
1946
|
| Edizioa: | 3a. ed |
| Saila: | McGraw-Hill Publications in the Botanical Sciences
|
| Gaiak: | |
| Etiketak: |
Etiketa erantsi
Etiketarik gabe, Izan zaitez lehena erregistro honi etiketa jartzen!
|
MARC
| LEADER | 00000nam a2200000 a 4500 | ||
|---|---|---|---|
| 001 | UCT1414 | ||
| 003 | CL-VaPUC | ||
| 008 | 960927e19460000US |||||||||||||||||eng|d | ||
| 082 | 0 | 4 | |a 581 |b SWI |2 21 |
| 100 | 0 | |a Swingle, Deane B |e author |9 370283 | |
| 245 | 1 | 2 | |a A textbook of systematic botany |
| 250 | |a 3a. ed | ||
| 300 | |a 343 p | ||
| 942 | |c BK | ||
| 945 | |d 19960927 00:00:00 |a cmena | ||
| 260 | |a Nueva York |b McGraw-Hill |c 1946 | ||
| 650 | 0 | |a Botánica |9 264202 | |
| 650 | 0 | |a Anatomía vegetal |9 269541 | |
| 650 | 0 | |a Plantas |9 264555 | |
| 650 | 0 | |a Bioquímica vegetal |9 264262 | |
| 650 | 0 | |a Taxonomia |9 341054 | |
| 583 | |a last modification |c 19960927 00:00:00 |k Rodrigo Vera | ||
| 490 | 0 | |a McGraw-Hill Publications in the Botanical Sciences | |
| 999 | |c 251945 |d 251943 | ||
| 952 | |0 0 |1 0 |4 0 |6 581_000000000000000_SWI_1946 |7 0 |8 A |9 271482 |a BIBCUR |b BIBCUR |d 2019-11-19 |i 1755234 |o 581 SWI 1946 |p 1755234 |r 2025-04-22 |w 2019-11-19 |y BK |k BCB | ||